<?xml version="1.0" encoding="UTF-8"?><?xml-stylesheet type="text/xsl" href="static/style.xsl"?><OAI-PMH xmlns="http://www.openarchives.org/OAI/2.0/" xmlns:xsi="http://www.w3.org/2001/XMLSchema-instance" xsi:schemaLocation="http://www.openarchives.org/OAI/2.0/ http://www.openarchives.org/OAI/2.0/OAI-PMH.xsd"><responseDate>2026-04-29T01:50:40Z</responseDate><request verb="GetRecord" identifier="oai:repisalud.isciii.es:20.500.12105/12452" metadataPrefix="marc">https://repisalud.isciii.es/rest/oai/request</request><GetRecord><record><header><identifier>oai:repisalud.isciii.es:20.500.12105/12452</identifier><datestamp>2025-06-12T10:39:54Z</datestamp><setSpec>com_20.500.12105_8144</setSpec><setSpec>com_20.500.12105_5570</setSpec><setSpec>com_20.500.12105_2404</setSpec><setSpec>com_20.500.12105_2403</setSpec><setSpec>col_20.500.12105_8181</setSpec></header><metadata><record xmlns="http://www.loc.gov/MARC21/slim" xmlns:dcterms="http://purl.org/dc/terms/" xmlns:doc="http://www.lyncode.com/xoai" xmlns:xsi="http://www.w3.org/2001/XMLSchema-instance" xsi:schemaLocation="http://www.loc.gov/MARC21/slim http://www.loc.gov/standards/marcxml/schema/MARC21slim.xsd">
   <leader>00925njm 22002777a 4500</leader>
   <datafield ind2=" " ind1=" " tag="042">
      <subfield code="a">dc</subfield>
   </datafield>
   <datafield ind2=" " ind1=" " tag="720">
      <subfield code="a">Jaureguizar Cervera, E.</subfield>
      <subfield code="e">author</subfield>
   </datafield>
   <datafield ind2=" " ind1=" " tag="720">
      <subfield code="a">Pérez Perdomo, M.</subfield>
      <subfield code="e">author</subfield>
   </datafield>
   <datafield ind2=" " ind1=" " tag="720">
      <subfield code="a">Reinoso Barbero, L.</subfield>
      <subfield code="e">author</subfield>
   </datafield>
   <datafield ind2=" " ind1=" " tag="260">
      <subfield code="c">2014-12</subfield>
   </datafield>
   <datafield ind2=" " ind1=" " tag="520">
      <subfield code="a">[ES] Introducción: La dermatitis de contacto aerotransportada (DCAT), es una forma de dermatitis profesional que por su manifestación clínica, localización y forma de contacto presentan característica propias, este hecho junto con la relevancia de la dermatosis dentro de la morbilidad profesional justifica la necesidad de sintetizar la evidencia científica existente mediante una revisión sistemática. Objetivos: Identificar la evidencia científica sobre la DCAT, la existencia de un consenso sobre criterios diagnósticos, las medidas de prevención y la identificación de población especialmente sensible. Material y métodos: Revisión sistemática de la producción científica publicada entre 2006 y 20014 sobre DCAT, se realizó una búsqueda sistemática mediante términos DeCS, MeSH, en diversas bases de datos y otros recursos informáticos (MEDLINE, COCHRANE, SCOPUS, SCIELO, OVID, BNCS, OSH, UPDATE). La evidencia se evaluó con los criterios SIGN. Resultados: Tras el proceso de selección el resultado final fue de 15 artículos a analizar del total recuperado de 504. Los tipos de diseño: 1 Ensayo Clínico no aleatorizado sin grupo control y 14 Series de Casos, de los cuales 7 usaron grupo control. Las sustancias químicas que produjeron DCAT no publicadas previamente fueron: TFA, fibras PP y PE, Dihidrocloruro 2 2’-azobis (2-metilpropanamida) y HBTU1; y los fármacos: Tilosina, Pristinamicina, Carbocromeno y Famotidina. Discusión y conclusiones: La limitación de los resultados es el bajo nivel de evidencia científica de los artículos analizados, lo que compromete su validez externa. Con respecto a las revisiones de Santos R, y Grosens A (2001 al 2006) encuentran 9 casos nuevos de DCAT y Swinnen I, y Grossens A (2007-2011) describen 14 casos. En nuestra revisión (2006-2014) hay 6 nuevos casos, lo que reafirma un aumento en el interés del estudio y la trascendencia de esta patología. No se puede demostrar ninguna población especialmente sensible, se puede concluir que la DCAT está cobrando importancia, y que se debe mejorar la producción científica con diseños que generen un mayor nivel de evidencia que permitan tomar las medidas preventivas adecuadas. [EN] Introduction: Due to its location, clinical signs and form of contact, the airborne contact dermatitis (ABCD) is a unique type of occupational dermatitis. It results unquestionable the need of synthetising the scientific evidence through a systematic review taking into account the dermathoses relevance in the occupational morbidity. Objectives: To identify the scientific evidence for ABCD, the existence of a consensus on diagnostic criteria, on preventive measures and on the identification of especially sensitive population.Material and methods: A systematic review of the scientific literature published between 2006 and 2014 about ABCD. A systematic search was performed using DeCS, MeSH, in various databases and other computer resources (MEDLINE, COCHRANE, SCOPUS, SCIELO, OVID, BNCS, OSH, UPDATE). The evidence was evaluated following a SIGN criteria. Results: 15 articles were selected to be analyzed after a selecting process of 504. Types of design: 1-Non-randomized clinical trial without control group and 14 Case Series, 7 of which were using a control group. The ABCD chemicals not previously published: TFA, PP/PE fibers, Ethyl 2 2’- azobis Dihidroclorure (2- methyl propanamide) and HBTU1, and the drugs: Tylosin, Pristinamycin, Carbocromen and Famotidine.Discussion and conclusions: The limitation of the results reveals the low scientific evidence levels on the analyzed articles, compromising his external validity. Regarding the reviews of Santos R, and Grossens A. (2001-2006), 9 new cases of ABCD were found and Swinnen I, and Grossens A. (2007-2011) described 14 cases. In our review (2006-2014) there are 6 new cases, confirming an increasing interest in this study and the gravity of this disease.As it is impossible to demonstrate a particularly sensitive population, it can be concluded that the ABCD is gaining importance. The scientific production should be improved with designs which generate a higher level of evidence allowing to take preventive measures.</subfield>
   </datafield>
   <datafield ind1="8" ind2=" " tag="024">
      <subfield code="a">Med Segur Trab 2014; Vol.60 Nº 237;742-755</subfield>
   </datafield>
   <datafield ind1="8" ind2=" " tag="024">
      <subfield code="a">0465-546X</subfield>
   </datafield>
   <datafield ind1="8" ind2=" " tag="024">
      <subfield code="a">http://hdl.handle.net/20.500.12105/12452</subfield>
   </datafield>
   <datafield ind1="8" ind2=" " tag="024">
      <subfield code="a">10.4321/S0465-546X2014000400009</subfield>
   </datafield>
   <datafield ind1="8" ind2=" " tag="024">
      <subfield code="a">1989-7790</subfield>
   </datafield>
   <datafield ind1="8" ind2=" " tag="024">
      <subfield code="a">Medicina y Seguridad del Trabajo</subfield>
   </datafield>
   <datafield tag="653" ind2=" " ind1=" ">
      <subfield code="a">Dermatitis de contacto</subfield>
   </datafield>
   <datafield tag="653" ind2=" " ind1=" ">
      <subfield code="a">Aerotransportada</subfield>
   </datafield>
   <datafield tag="653" ind2=" " ind1=" ">
      <subfield code="a">Alérgica</subfield>
   </datafield>
   <datafield tag="653" ind2=" " ind1=" ">
      <subfield code="a">Irritante</subfield>
   </datafield>
   <datafield tag="653" ind2=" " ind1=" ">
      <subfield code="a">Salud Laboral</subfield>
   </datafield>
   <datafield tag="653" ind2=" " ind1=" ">
      <subfield code="a">Industria química</subfield>
   </datafield>
   <datafield tag="653" ind2=" " ind1=" ">
      <subfield code="a">Industria farmaceutica</subfield>
   </datafield>
   <datafield tag="653" ind2=" " ind1=" ">
      <subfield code="a">Personal sanitario</subfield>
   </datafield>
   <datafield tag="653" ind2=" " ind1=" ">
      <subfield code="a">Prevención</subfield>
   </datafield>
   <datafield tag="653" ind2=" " ind1=" ">
      <subfield code="a">Contact dermatitis</subfield>
   </datafield>
   <datafield tag="653" ind2=" " ind1=" ">
      <subfield code="a">Airborne</subfield>
   </datafield>
   <datafield tag="653" ind2=" " ind1=" ">
      <subfield code="a">Allergic</subfield>
   </datafield>
   <datafield tag="653" ind2=" " ind1=" ">
      <subfield code="a">Irritating</subfield>
   </datafield>
   <datafield tag="653" ind2=" " ind1=" ">
      <subfield code="a">Occupational health</subfield>
   </datafield>
   <datafield tag="653" ind2=" " ind1=" ">
      <subfield code="a">Chemistry industry</subfield>
   </datafield>
   <datafield tag="653" ind2=" " ind1=" ">
      <subfield code="a">Pharmaceutical industry</subfield>
   </datafield>
   <datafield tag="653" ind2=" " ind1=" ">
      <subfield code="a">Healthcare workers</subfield>
   </datafield>
   <datafield tag="653" ind2=" " ind1=" ">
      <subfield code="a">Prevention</subfield>
   </datafield>
   <datafield ind2="0" ind1="0" tag="245">
      <subfield code="a">Dermatitis aerotrasportada de origen laboral en la industria química, farmacéutica y sector sanitario</subfield>
   </datafield>
</record></metadata></record></GetRecord></OAI-PMH>